MDQL
is popping MORE tags! Check the
thread
!
Quizzes
Events
Quiz Creation
Community
Videos
Private Events
Remove Ads
Sign In
Join for FREE
Feedback
Dark Mode
Quiz Categories
Sports
Geography
Music
Movies
Television
Just For Fun
Miscellaneous
History
Literature
Language
Science
Gaming
Entertainment
Religion
Holiday
For Kids
Quiz Lab
Recent
Popular Today
Quiz Kudos Today
Editor Picks
Curator Picks
Quizzes by...
Day
Popularity
Type
Ratings
Length
Year
Community
Subscriptions
Recent Discussions
Orange Saloon
Badges
Playlists
Quests
Create
Leaderboards
Showdown
Live 5
Trivia Bingo
Activity
Puzzle Library
Sporcle Events
Private Events
Virtual Trivia
Globe League
Become a Host
Pub Owners
SporcleCon
Opinionation
Our Games
Videos
Blog
Mobile Apps
Partnerships
Remove Ads and Go Orange
Feedback
Sports
Athletes
MLB
NBA
NHL
NFL
Soccer
Sports Teams
WWE
NCAA
Football
Premier League
Basketball
Baseball
Hockey
Golf
Tennis
Cricket
Rugby
Auto Racing
Olympics
World Cup
Sports
Athletes
MLB
NBA
NHL
NFL
Soccer
Sports Teams
WWE
NCAA
Football
Premier League
Basketball
Baseball
Hockey
Golf
Tennis
Cricket
Rugby
Auto Racing
Olympics
World Cup
Random Quiz
Search Sporcle
×
Quiz Lab
Quiz Lab
Sports
NFL
Type in answers that appear in a list
Type in answers that appear in a list
Classic
Best Score? Go Orange.
Colleges of NFL Third-Round Picks (2004-2011) Stats
Can you name the Colleges of NFL Third-Round Picks?
By
jrocke1
13m
277 Questions
265 Plays
265 Plays
265 Plays
Comments
Comments
Give Quiz Kudos
Give Quiz Kudos
-
- Ratings
hide this ad
Replay
Link that replays current quiz
Next Quiz
Link to next quiz in quiz playlist
You Got
0%
They Got
Avg Score
82%
Avg Friend Score
Upgrade to see
Score Distribution
Jump to the score distribution portion of the page
Score
0/277
Timer
13:00
0
Plays Today
% Correct
Florida
98.9%
Florida
98.9%
Florida
98.9%
Alabama
98.9%
Alabama
98.9%
Florida
98.9%
Florida
98.9%
Alabama
98.9%
Alabama
98.9%
Alabama
98.9%
Florida
98.9%
Alabama
98.9%
Texas
98.5%
Texas
98.5%
Texas
98.5%
Texas
98.5%
Texas
98.5%
Texas
98.5%
Texas
98.5%
USC
97.7%
USC
97.7%
USC
97.7%
USC
97.7%
USC
97.7%
USC
97.7%
USC
97.7%
Oklahoma
97.4%
Michigan
97.4%
Miami (FL)
97.4%
Miami (FL)
97.4%
Oklahoma
97.4%
Miami (FL)
97.4%
Oklahoma
97.4%
Oklahoma
97.4%
Oklahoma
97.4%
Miami (FL)
97.4%
Miami (FL)
97.4%
Oklahoma
97.4%
Michigan
97.4%
Michigan
97.4%
Oklahoma
97.4%
Miami (FL)
97.4%
Oklahoma
97.4%
Miami (FL)
97.4%
Miami (FL)
97.4%
Miami (FL)
97.4%
Florida State
97%
Florida State
97%
Florida State
97%
Florida State
97%
Florida State
97%
Florida State
97%
Iowa
96.6%
Iowa
96.6%
Iowa
96.6%
Iowa
96.6%
Iowa
96.6%
Iowa
96.6%
Iowa
96.6%
Iowa
96.6%
LSU
96.2%
LSU
96.2%
LSU
96.2%
LSU
96.2%
LSU
96.2%
LSU
96.2%
LSU
96.2%
Ohio
96.2%
LSU
96.2%
LSU
96.2%
LSU
96.2%
LSU
96.2%
Virginia
95.8%
Georgia
95.8%
Virginia
95.8%
Georgia
95.8%
Georgia
95.8%
Georgia
95.8%
Georgia
95.8%
Georgia
95.8%
Georgia
95.8%
Georgia
95.8%
Georgia
95.8%
Ohio State
95.5%
Ohio State
95.5%
Washington
95.5%
Ohio State
95.5%
Ohio State
95.5%
Ohio State
95.5%
Ohio State
95.5%
Ohio State
95.5%
Ohio State
95.5%
Ohio State
95.5%
% Correct
Washington
95.5%
Washington
95.5%
Washington
95.5%
Oregon
94.7%
Oregon
94.7%
Arkansas
93.2%
UCLA
93.2%
UCLA
93.2%
Arkansas
93.2%
Arkansas
93.2%
Arizona
92.8%
Penn State
92.5%
Oklahoma State
92.5%
Tennessee
92.5%
Penn State
92.5%
Tennessee
92.5%
Penn State
92.5%
Penn State
92.5%
Tennessee
92.5%
Penn State
92.5%
Penn State
92.5%
Penn State
92.5%
Washington State
92.1%
Arizona State
92.1%
Washington State
92.1%
Wisconsin
92.1%
Wisconsin
92.1%
Arizona State
92.1%
Wisconsin
92.1%
Michigan State
92.1%
Washington State
92.1%
California
92.1%
California
92.1%
California
92.1%
California
92.1%
Wisconsin
92.1%
Wisconsin
92.1%
Wisconsin
92.1%
Wisconsin
92.1%
Arizona State
92.1%
Wisconsin
92.1%
California
92.1%
West Virginia
91.7%
Utah
91.7%
West Virginia
91.7%
Illinois
91.7%
Illinois
91.7%
Stanford
91.3%
Stanford
91.3%
Stanford
91.3%
Stanford
91.3%
Minnesota
91.3%
Stanford
91.3%
Stanford
91.3%
Minnesota
91.3%
Stanford
91.3%
Oregon State
90.9%
Texas Tech
90.6%
Georgia Tech
89.8%
Georgia Tech
89.8%
Indiana
89.8%
Notre Dame
89.8%
Virginia Tech
89.8%
Virginia Tech
89.8%
Notre Dame
89.8%
Georgia Tech
89.8%
Notre Dame
89.8%
Virginia Tech
89.8%
Virginia Tech
89.8%
Notre Dame
89.8%
Georgia Tech
89.8%
Georgia Tech
89.8%
Georgia Tech
89.8%
Auburn
89.4%
Auburn
89.4%
North Carolina
89.1%
Mississippi
89.1%
Mississippi
89.1%
South Carolina
88.7%
Missouri
88.7%
South Carolina
88.7%
Missouri
88.7%
South Carolina
88.7%
Boise State
88.3%
Clemson
87.9%
Clemson
87.9%
Nebraska
87.9%
Clemson
87.9%
Clemson
87.9%
Nebraska
87.9%
Clemson
87.9%
Kentucky
86.8%
Kentucky
86.8%
% Correct
Purdue
85.7%
Purdue
85.7%
Purdue
85.7%
Purdue
85.7%
Purdue
85.7%
Purdue
85.7%
Kansas State
84.5%
Syracuse
83.4%
Mississippi State
83%
Iowa State
82.3%
Vanderbilt
82.3%
Vanderbilt
82.3%
Louisville
81.5%
Louisville
81.5%
Louisville
81.5%
Maryland
81.1%
Maryland
81.1%
Boston College
81.1%
Maryland
81.1%
Central Florida
80%
Central Florida
80%
Central Florida
80%
Northwestern
75.8%
Pittsburgh
75.8%
Rutgers
75.8%
Connecticut
74.7%
New Mexico
74.7%
San Diego State
74%
San Diego State
74%
San Diego State
74%
San Diego State
74%
Wake Forest
72.1%
Hawai'i
71.7%
Baylor
71.7%
Hawaii
71.7%
Utah State
70.9%
Utah State
70.9%
Fresno State
69.8%
Fresno State
69.8%
Fresno State
69.8%
Nevada
69.4%
Nevada
69.4%
Akron
68.3%
Akron
68.3%
SMU
67.9%
NC State
65.3%
NC State
65.3%
NC State
65.3%
NC State
65.3%
NC State
65.3%
Northern Illinois
63.4%
Temple
63.4%
Toledo
62.3%
UTEP
62.3%
Toledo
62.3%
UTEP
62.3%
South Florida
59.6%
South Florida
59.6%
South Florida
59.6%
Troy
58.5%
San Jose State
57.4%
San Jose State
57.4%
San Jose State
57.4%
Louisiana Tech
56.2%
Louisiana Tech
56.2%
Arkansas State
54.3%
Appalachian State
54.3%
Kent State
48.3%
Ball State
46%
Florida Atlantic
38.1%
Montana State
35.5%
Cal Poly
32.1%
Cal Poly
32.1%
Cal Poly
32.1%
Hampton
31.3%
Hampton
31.3%
Northern Iowa
28.3%
The Citadel
27.5%
Grambling State
26.4%
Illinois State
24.9%
William & Mary
23.8%
Weber State
23.4%
Eastern Kentucky
23%
Western Illinois
22.3%
Lane
21.5%
Northwestern State
20.4%
Lehigh
19.6%
Hillsdale
19.2%
McNeese State
18.9%
McNeese State
18.9%
Nicholls State
18.1%
Quiz Playlist
Details
Report
Send in Message
Add To Playlist
Classic:
Type in answers that appear in a list
Last Updated: Feb 16, 2017
Quiz Scoreboard
CHALLENGE
Sign Up to Join the Scoreboard
Show All
Scores
Hide
Comments
May contain spoilers
Recently Published
Holiday 10x10 Sorting Gallery
by lukepisani3
Holiday
15m
Two Season TV Shows II
by 123Four
Television
10m
Image Sorting: Flags VI
by Barbecue
Geography
2m
More to Explore
Quiz From the Vault
Featured Blog Post
14 Easter Pick-up Lines to Find Eggs With
hide this ad
You Might Also Like...
Tags
College Quiz
NFL Quiz
Today's Top Quizzes in Sports
Browse Sports
hide this ad
Today's Top Quizzes in NFL
Browse NFL
Top Contributed Quizzes in Sports
1
Les meilleurs buteurs des matchs entre le PSG et l’OM
2
Les entraîneurs de l'OM et du PSG au 21e siècle
3
2022 World Cup Stars
4
Les joueurs passés par le PSG et l'OM
5
Players with Multiple 50 Home Run Seasons
6
FIFA Club World Cup Champions
7
Criteria MLB: Left Handed Sluggers
8
Les joueurs passés par le LOSC et le RC Lens
9
Top 10 NHL Goal Scorers of All Time
10
NBA Logic Puzzle 2.0
Explore More
Trending Topics
Harry Potter
Marvel
NBA
Kpop
Anime
Crossword
Disney
The Office
NFL
WWE
Song
Country
Puzzle
Pokémon
Soccer
hide this ad
More By:
jrocke1
Quiz
Plays
Rating
Category
Featured
Created
1999 MLB All-Star Rosters
2,687
4.35
Sports
May 3, 2011
Where NBA players started their careers
857
4.45
Sports
Oct 2, 2009
Colleges of NFL Second-Round Picks (2003-2011)
839
3.15
Sports
Oct 7, 2011
Can you name NBA Opening Night starting lineups 1994-95
738
4.33
Sports
Jan 18, 2014
1993 MLB All-Star Rosters
693
4.60
Sports
May 18, 2011
Go to Creator's Profile
Score Distribution
Quiz Creator Spotlight
jrocke1
Follow
Send a Message
Quizzes Created
-
Created Quiz Play Count
-
More By This Creator
Popular Quizzes Today
1
Find the US States - No Outlines Minefield
2
Colored Red Africa Blitz
3
Find the 'City' Movie
4
5x2 Blitz: Bands
5
The Countries of the World
6
Find the Countries of Europe - No Outlines Minefield
7
Find the US States
8
US States
More Sports Quizzes
Les fidèles de Ligue 1
Quiz Lab
Trending Quizzes
Colored Red Europe Blitz I
Colored Red Africa Blitz II
Colored Red Europe Blitz II
Even More Two Season TV Shows
Colored Red Africa Blitz III
Recently Updated
March Madness Men's Triple Doubles
pecheneg
How Do You Spell That?
pecheneg
Godzilla Movies
pecheneg
Grab Bag: 4-10 Letters
pecheneg
2024 March Madness Bracket
pecheneg
Famous TV Couples
Peacemaker
Champions League XIs: Real Madrid
pecheneg
Largest US Cities 1790-2010
pecheneg
Rides in Walt Disney World
pecheneg
Most Oscar Losses (Acting)
pecheneg
Trending Topics
Crossword
Anime
Kpop
Disney
Marvel
Harry Potter
NBA
Puzzle
Pokémon
Soccer
The Office
NFL
Song
WWE
Country
Your Account Isn't Verified!
In order to create a playlist on Sporcle, you need to verify the email address you used during registration. Go to your
Sporcle Settings
to finish the process.
Report this User
Report this user for behavior that violates our
Community Guidelines
.
Details:
Send Report
Go to the Sporcle.com Mobile Site →
Comments